Convulsiones en la infancia : (Registro nro. 5431)
[ vista simple ]
| 000 -CABECERA | |
|---|---|
| campo de control de longitud fija | 00771nam a2200253 i 4500 |
| 001 - NÚMERO DE CONTROL | |
| campo de control | Rebiun05917615 |
| 003 - IDENTIFICADOR DEL NÚMERO DE CONTROL | |
| campo de control | AR-RoIUNI |
| 005 - FECHA Y HORA DE LA ÚLTIMA TRANSACCIÓN | |
| campo de control | 20220422130724.0 |
| 008 - DATOS DE LONGITUD FIJA--INFORMACIÓN GENERAL | |
| campo de control de longitud fija | 930503s1986 ag 000|0 spa d |
| 020 ## - NÚMERO INTERNACIONAL ESTÁNDAR DEL LIBRO | |
| Número Internacional Estándar del Libro | 9500202085 |
| 024 ## - IDENTIFICADOR DE OTROS ESTÁNDARES | |
| Número estándar o código | 0000075649 |
| 040 ## - FUENTE DE LA CATALOGACIÓN | |
| Centro catalogador/agencia de origen | ES-VaUB. |
| Centro/agencia transcriptor | AR-RoIUNI |
| 080 ## - NÚMERO DE LA CLASIFICACIÓN DECIMAL UNIVERSAL | |
| Número de la Clasificación Decimal Universal | 616.853-053.2 |
| 100 1# - ENTRADA PRINCIPAL--NOMBRE DE PERSONA | |
| Nombre de persona | Fejerman, Natalio |
| 245 10 - MENCIÓN DE TÍTULO | |
| Título | Convulsiones en la infancia : |
| Resto del título | diagnóstico y tratamiento / |
| Mención de responsabilidad, etc. | Natalio Fejerman, Carlos S. Medina ; colaboradores invitados Jean Aicardi...[et al.] |
| 250 ## - MENCIÓN DE EDICIÓN | |
| Mención de edición | 2a ed |
| 260 ## - PUBLICACIÓN, DISTRIBUCIÓN, ETC. (PIE DE IMPRENTA) | |
| Lugar de publicación, distribución, etc. | Buenos Aires [etc.] : |
| Nombre del editor, distribuidor, etc. | El Ateneo, |
| Fecha de publicación, distribución, etc. | 1986 |
| 300 ## - DESCRIPCIÓN FÍSICA | |
| Extensión | XIX, 475 p. : |
| Otras características físicas | il. ; |
| Dimensiones | 27 cm |
| 500 ## - NOTA GENERAL | |
| Nota general | Bibliografia |
| 650 04 - PUNTO DE ACCESO ADICIONAL DE MATERIA--TÉRMINO DE MATERIA | |
| Término de materia o nombre geográfico como elemento inicial | Epilepsia |
| 650 04 - PUNTO DE ACCESO ADICIONAL DE MATERIA--TÉRMINO DE MATERIA | |
| Término de materia o nombre geográfico como elemento inicial | Infants |
| 700 1# - PUNTO DE ACCESO ADICIONAL--NOMBRE DE PERSONA | |
| Nombre de persona | Medina, Carlos S., |
| Término indicativo de función/relación | coaut |
| 942 ## - ELEMENTOS DE PUNTO DE ACCESO ADICIONAL (KOHA) | |
| Fuente del sistema de clasificación o colocación | Clasificación Decimal Universal |
| Tipo de ítem Koha | Libros |
| Estado de retiro | Estado de pérdida | Fuente del sistema de clasificación o colocación | Estado dañado | Excepción de préstamo | Código de colección | Localización permanente | Ubicación/localización actual | Ubicación en estantería | Fecha de adquisición | Fuente de adquisición | Número de inventario | Total de préstamos | Signatura topográfica completa | Código de barras | Fecha visto por última vez | Precio válido a partir de | Tipo de ítem Koha |
|---|---|---|---|---|---|---|---|---|---|---|---|---|---|---|---|---|---|
| Clasificación Decimal Universal | Medicina | BIBLIOTECA CENTRAL | BIBLIOTECA CENTRAL | BIBLIOTECA CENTRAL | 22/04/2022 | Donación | 7256 | 616.853-053.2 FEJ | 7256 | 22/04/2022 | 22/04/2022 | Libros |

